000 00468nam a2200169 a 4500
001 000044024
005 20201002045111.0
008 140513s2000 sp 000 0 spa d
020 _a8484500306
040 _aDO-SdBNP
_bspa
_cBNPHU
100 1 _aGiner, Salvador
_972002
245 1 4 _aLos Españoles /
_cSalvador Giner.
260 _aBarcelona :
_bDebolsillo,
_c2000.
300 _a190 p. ;
_c19 cm.
490 1 _aCírculo Cuadrado
830 0 _aCírculo Cuadrado
_969798
999 _c43513
_d43513